Ako si hľadať prácu v zahraničí?

Bibliographic Details
Main Author: Kahánek, Mirek ml (Author)
Format: Book
Language:Slovak
PhysicalDescription:163 s. Mp., tab. 21 cm
Published: Humenné M. Kahánek 1996
ISBN:8096756109
Subjects:

MARC

LEADER 00000nam a2200000 a 4500
001 vtls001220298
003 SK-MaSNL
005 20260302031903.0
008 240318s1996 xo bp r yy slo
015 |a SNBA1996/1103255 
020 |a 8096756109 
035 |a SNK000164978 
035 |a urn:nbn:sk:snk-amkfdk 
035 |a urn:nbn:sk:snk-am003t59 
035 |a 55F8475D-19A2-48C0-A968-5DFA4522FA0C 
040 |a SNK  |b slo  |c SNK  |e AACR2 
041 0 |a slo 
044 |a xo  |c SK 
080 |a 331.5(100)(035)  |2 1981 
100 1 |a Kahánek, Mirek  |c ml.  |4 aut  |9 44684 
245 1 0 |a Ako si hľadať prácu v zahraničí?  |c Mirek Kahánek ml. 
260 |a Humenné  |b M. Kahánek  |c 1996 
300 |a 163 s.  |b Mp., tab.  |c 21 cm 
650 0 7 |a práca  |x príležitosti v zahraničí  |x príručky  |2 SNK  |9 680205 
655 7 |a príručky  |2 SNK  |9 74364 
919 |a 80-967561-0-9 
958 |a OND 
958 |a TL 
999 |c 1054129  |d 1056059 
952 |t P60, <09>, [BOOK], {629}  |a SNK  |b SNK  |y NEVYP  |7 0  |o snkC 1616  |i snk3121/960913  |0 0  |1 0  |4 0  |d 1996-09-11  |l 0  |r 2005-01-01 00:00:00  |w 2026-02-24 
952 |t P60, <03>, [BOOK], {603}  |a SNK  |b SNK  |y PREZ  |7 0  |p 17A0009539  |o snkSC 91237  |i snkKSP 7365/96  |0 0  |1 0  |4 0  |d 1996-09-11  |f 1  |l 0  |r 2025-09-10 00:00:00  |w 2026-02-24 
952 |t P60, <04>, [BOOK], {604}  |a SNK  |b SNK  |y VYP  |7 0  |p 17A0009538  |o snkSC 91237 D1  |i snkKSP 7366/96  |0 0  |1 0  |4 0  |d 1996-09-11  |l 0  |r 2005-01-01 00:00:00  |w 2026-02-24